000 00600nam a2200181 a 4500
005 20240925063733.0
008 991125s1993 mx 000 0 spa u
035 _aUPN01000008745
049 _aCG
050 4 _aQA11
_aZ3.2
100 1 _aZárate Salas, Eduardo
_931572
245 1 3 _aEl comesolo, el jun-jun y el tablero de damas chinas :
_balgoritmos y análisis de algunos tópicos matemáticos implícitos /
_cEduardo Zárate Salas.
260 _a[México] :
_bUPN,
_c1993.
300 _a109 h.
650 2 _aAlgoritmos
_92187
650 4 _aMatemáticas
_xEstudio y enseñanza
_93601
905 _aLibro
999 _c8745
_d8745